000 00688nam a2200217 a 4500
005 20140310183306.0
008 050906s19uu xx 00 eng d
020 _a97803242031341
050 _aHF 5625.7
_b.In8 2004
100 _aKlopper, Susan M.
245 _aIntroduction to online accounting & financial research /
_cSusan M. Klopper.
260 _aAustralia :
_bThomson Learning,
_c2004.
300 _a448 p. :
_c24 cm.
521 _aBSBA
650 _aAccounting
_xComputer network resources.
650 _aAccounting
_xInformation services.
650 _aInvestment
_xComputer network services.
650 _aInternet searching.
942 _cBK
_2lcc
_kFOR
999 _c21088
_d21088